000 00700nam a22002417a 4500
005 20170124110200.0
010 _aA-993504
020 _c300.00
_a8187100265
035 _aA-993504
037 _bCen Lib/Ret
040 _aDPL
_bEN
082 _a025
_bSIN
100 _aSingh, R.S.P.
_95921
245 _aLibrary administration and management /
_cby R.S.P. Singh
260 _aNew Delhi
_bOcean Books
_c1999
270 _a4/19, Asaf Ali Road
_bNew Delhi
_e110002
300 _a245p.
_c20cm(Hb)
500 _aIncludes index
650 _aLibrary administration
_92603
650 _aLibrary personnel management
_935889
700 _935875
942 _2ddc
_cEN
_h025
_mSIN
999 _c132835
_d132835